| 000 | 00471nam a2200193Ia 4500 | ||
|---|---|---|---|
| 999 |
_c21721 _d21721 |
||
| 003 | 0100 | ||
| 005 | 20170323090933.0 | ||
| 008 | 130303s9999 xx 000 0 und d | ||
| 040 | _cARRUPELIB | ||
| 050 | _aRA390.Z56G316 1988 | ||
| 100 |
_aGelfand, Michael _99193 |
||
| 245 | _aGodly medicine in Zimbabwe | ||
| 245 | _ba history of its medical missions | ||
| 260 | _aGweru | ||
| 260 | _bMambo Press | ||
| 300 | _axi | ||
| 300 | _b 302p. 22cm. | ||
| 650 |
_bMedical mission _xHistory _zZimbabwe _929570 |
||
| 650 |
_bZimbabwe _xMedical services _929571 |
||
| 942 |
_2lcc _cMONOGRAPH |
||